Praktické otázky k dani z finančných transakcií

Dňa 3. októbra 2024 schválila Národná rada Slovenskej republiky zákon č. 279/2024 Z. z. o dani z finančných transakcií a o zmene a doplnení niektorých zákonov, ktorého cieľom je zavedenie novej dane z finančných transakcií. Vysletlenie pojmu transakčná daň.

Saved in:
Bibliographic Details
Main Author: Želonka, Michal
Format: Book Chapter
Language:Slovak
Subjects:
Tags: Add Tag
No Tags, Be the first to tag this record!

MARC

LEADER 00000naa a2200000 4500
001 0308913
005 20250605132631.5
041 0 |a slo 
044 |a SK 
245 1 0 |a Praktické otázky k dani z finančných transakcií  |c Michal Želonka 
520 |a Dňa 3. októbra 2024 schválila Národná rada Slovenskej republiky zákon č. 279/2024 Z. z. o dani z finančných transakcií a o zmene a doplnení niektorých zákonov, ktorého cieľom je zavedenie novej dane z finančných transakcií. Vysletlenie pojmu transakčná daň. 
610 2 0 |a dane z príjmov 
610 2 0 |a dane z operácií finančných 
610 2 0 |a zákony 
610 2 0 |a legislatíva 
610 2 0 |a novelizácia 
100 1 |a Želonka, Michal